00205nam a2200097Ia 4500008004100000041000800041100000900049245001300058260002800071300000800099230822s2009 xx 000 0 und d aeng aNULL aTOYO ITO bPHAIDON PRESS LTDc2009 a230